000 00469nam a2200181Ia 4500
001 15855
005 20260306170226.0
008 260306t2015||||xx |||||||||||||| ||und||
041 _aESP
082 _a620.112
_bA71
100 _aArguelles Amado, Antonio
_eAUT
245 0 _aFormulario técnico de elasticidad y resistencia de materiales
260 _c2015
300 _av, 370 páginas :
_c24 cm.
650 _aGEN
654 _aCII
942 _cLIB
_dJUS
_fJUS
_2ddc
_n
999 _c15855
_d15855